00778 2200277 4500001002100000005001700021020002200038035002400060040001200084082001200096084002200108090002200130100002500152245007600177260003900253300003100292440004100323500001100364650002400375700001900399850001200418990001600430990001600446990001600462990002200478YOGYA00000000009687420170724104357.0 a978-979-1464-09-3 0010-081400000096591 aYOPDYOG04a294.535 aNUS 294.535 Dan C aDEP 294.535 Dan C0 aDANIEL AGUS MARYANTO1 aCandi Pra-Majapahitc/ Daniel Agus Maryanto; penyunting, Farida Puji P.2 aYogyakartabCitra Aji Paramac2007 a48 hlm.b: ilus.c; 28 cm. aSeri fakta dan rahasia dibalik candi aIndeks aCandi Pra-Majapahit0 aFARIDA PUJI P. aYOPDYOG a540-PD/B-13 a538-PD-B-13 a539-PD-B-13 aCB-D.11/2007-1589